| 000 | 00751nam a22002417a 4500 | ||
|---|---|---|---|
| 999 |
_c10941 _d10941 |
||
| 003 | AR-CdUCM | ||
| 008 | 190402b ||||| |||| 00| 0 spa d | ||
| 040 |
_aMUNICIPALIDAD PROVINCIAL DEL CUSCO _cBIBLIOTECA MUNICIPAL DEL CUSCO |
||
| 041 | _heng | ||
| 082 |
_a839 / _bIB14E / 1948 |
||
| 100 |
_aIbsen, E. _928016 |
||
| 245 | _aEspectros y el niño Eyolf / | ||
| 260 |
_aBuenos Aires : _bRenovación, _c1948. |
||
| 300 |
_a187 páginas ; _c19 cm. |
||
| 500 | _aDonación de la Familia Nieto. Libro dañado. | ||
| 505 | _aContenido: Espectros -- El niño Eyolf. | ||
| 650 |
_aTeatro Noruego _912096 |
||
| 650 |
_aNovela Noruega _928017 |
||
| 650 |
_aSiglo XIX _9971 |
||
| 700 |
_aL. N. (traductor) _928018 |
||
| 942 |
_2ddc _cLIBROS |
||
| 945 | _acmm | ||